El anteproyecto arquitectónico : guía para su ejecución
| Main Authors: | , |
|---|---|
| Format: | Section = Libro |
| Language: | Undetermined Spanish |
| Published: |
México
Limusa
2006
|
| Subjects: |
| LEADER | 00704nam a2200229Ia 4500 | ||
|---|---|---|---|
| 008 | 240829s9999 xx 000 0 und d | ||
| 020 | |a 968-18-5232-X | ||
| 040 | |a BIBLIOTECA-RUSB/ 721 A425 | ||
| 041 | |a spa | ||
| 082 | |a 721 A425 | ||
| 100 | 1 | |a Allen, Edward | |
| 100 | 1 | |b Iano, Joseph | |
| 245 | 1 | 0 | |a El anteproyecto arquitectónico : guía para su ejecución |
| 260 | |a México |b Limusa |c 2006 | ||
| 300 | |a 232 p. :il. | ||
| 650 | 7 | |a ESTRUCTURA ARQUITECTONICA - ANTEPROYECTO | |
| 650 | 7 | |b SISTEMA ESTRUCTURAL ARMADURAS DE ACERO | |
| 650 | 7 | |c DISEÑO ARQUITECTONICO - INSTALACIONES ELECTRICAS | |
| 650 | 7 | |d SISTEMAS DE MAMPOSTERÍA ESTRUCTURAL | |
| 942 | |c BK |2 ddc | ||
| 991 | |a TEXTO | ||
| 999 | |c 5091 | ||